| 000 | 00885cam a22002651a 4500 | ||
|---|---|---|---|
| 001 | 2484 | ||
| 005 | 20231212144220.0 | ||
| 020 | _a0688212670 | ||
| 020 | _a071009002951 | ||
| 040 |
_aDLC _cODaWU _dOCoLC _dO _dDLC _beng |
||
| 050 | 0 | 0 |
_aPZ7.C5792 _bEm |
| 082 | _a813.54 | ||
| 100 | 1 | _aCleary, Beverly | |
| 245 | 1 | 0 |
_aEmily's runaway imagination / _cBeverly Cleary ; illustrated by Beth and Joe Krush |
| 260 |
_aNew York : _bDell Publishing Co., _c1961 |
||
| 300 |
_a221 pages : _billustrations _c21 cm |
||
| 505 | _aZ | ||
| 520 | _aEmily decides that the town of Pitchfork needs a library, and comes up with a plan to make it happen. Can she make her dream come true? | ||
| 521 |
_a910 _bLexile |
||
| 521 |
_aZ _bRaz-Plus |
||
| 700 | 1 |
_aKrush, Beth _eillustrator |
|
| 700 | 1 |
_aKrush, Joe _eillustrator |
|
| 906 |
_a7 _bcbc _coclcrpl _du _encip _f19 _gy-gencatlg |
||
| 942 |
_2ddc _cBK _n0 |
||
| 999 |
_c2484 _d2484 |
||